000 01885nab a2200277 a 4500
005 20250303111906.0
008 991125c2017 ck fr p o 000 0 spa d
035 _aUPN01000219709
040 _aUPN
_bspa
_cUPN
_eaacr2
049 _aART-E
100 1 _aGomez Santa, Gloria Mercedes
_6- gloria.gomez@upb.edu.co
100 1 _aAgudelo Bedoya, Maria Eugenia
245 1 0 _aRedes familiares y vecinales para el cuidado de niños y niñas
_h[recurso electrónico en línea]
506 0 _aAcceso abierto
520 3 _aSe parte de la pregunta por identificar el uso de las redes familiares y vecinales en el cuidado de niños y niñas menores de 12 años, a través de un estudio cualitativo en el que se entrevistan 70 cuidadoras y cuidadores de familias en la ciudad de Medellín. Como fundamentos teóricos se acude a los conceptos de cuidado, redes familiares y redes vecinales. Los principales hallazgos muestran el uso preponderante de las redes familiares a diferencia del poco uso de las redes vecinales para el cuidado de niños y niñas, concluyendo que, en este grupo poblacional consultado, las familias son soporte en el cumplimiento de las funciones del cuidado basado en vínculos de solidaridad y apoyo mutuo. Con respecto a las redes vecinales hay una marcada desconfianza hacia los vecinos para delegar funciones de esta naturaleza, lo cual obedece a inestabilidad en los lugares de residencia que dificulta la generación de redes.
650 4 _98936
_aInteracción social
650 2 _925389
_aBienestar infantil
653 0 _aCuidado infantil
653 0 _aRedes familiares
653 0 _aEntorno familiar
773 _gVol. 16, no. 1 (2017), p. 60-71
_tInfancias imagenes
_x1657-9089
856 4 _uhttp://revistas.udistrital.edu.co/ojs/index.php/infancias/article/view/11457/12947
902 _aGloria Jiménez/0824
905 _aArticulo
942 _cART-E
999 _c191808
_d191808